000 00930nam a22002417a 4500
999 _c12387
_d12387
003 AR-CdUCM
008 190408b ||||| |||| 00| 0 spa d
040 _aMUNICIPALIDAD PROVINCIAL DEL CUSCO
_cBIBLIOTECA MUNICIPAL DEL CUSCO
082 _aTS / 461.4 /
_bS19
100 _aSamanez Flórez, David Ignacio
_930220
245 _aDidáctica de la ortografía /
260 _aCusco :
_bUniversidad Nacional de "San Antonio Abad " del Cusco
_c1976
300 _a174 páginas ;
_c21 cm.
500 _aPrograma académico de educación. Tesis que presentan para optar al grado de Doctor en Educación.
505 _aContenido: Didáctica de la ortografía.
650 _aOtografia
_930221
650 _aSistema de Escritura
_930222
650 _aFonología
_910735
650 _aLengua Española
_91124
710 _aUniversidad Nacional de "San Antonio Abad " del Cusco
_915942
942 _2ddc
_cTESIS
945 _acmm
_d2019-04-08